Community and civil society (Registro nro. 44986)

Detalles MARC
000 -ENCABEZADO
Número de control [NR] 01091nam a2200277Ia 4500
008 - DE LONGITUD FIJA DE DATOS DE ELEMENTOS - INFORMACIÓN GENERAL
Elementos de longitud fija [NR] 130821s2001 enk gr eng
020 ## - NUMERO INTERNACIONAL NORMALIZADO PARA LIBROS [R]
Número Internacional Normalizado del libro [NR] 0521567823
040 ## - FUENTE DE CATALOGACION [NR]
Agencia de catalogación original [NR] Co-BoUCM
Idioma de catalogación [NR] spa
041 00 - CODIGO DE IDIOMA [R]
Código de idioma para texto/pista de sonido o título separado [R] Inglés
100 1# - ASIENTO PRINCIPAL--NOMBRE PERSONAL [NR]
Nombre personal [NR] Tönnies, Ferdinand
Fechas asociadas con el nombre [NR] 1855-1936.
ID Autoridad 161706
245 00 - MENCION DE TITULO [NR]
Título [NR] Community and civil society
Mención de responsabilidad, etc. [NR] Ferdinand Tönnies ; Editado por Jose Harris ; traducido por Jose Harris and Margaret Hollis
260 ## - PUBLICACION, DISTRIBUCION, ETC. (PIE DE IMPRENTA) [R]
Lugar de publicación, distribución, etc. [R] Cambridge (Inglaterra)
Nombre del editor, distribuidor, etc. [R] Cambridge University Press
Fecha de publicación, distribución, etc. [R] 2001
300 ## - DESCRIPCION FISICA [R]
Extensión [R] 266 páginas
490 ## - MENCION DE SERIE [R]
Mención de serie [R] Cambridge Texts in the History of Political Thought.
504 ## - NOTA DE BIBLIOGRAFIA, ETC. [R]
Nota de bibliografía, etc. [NR]
650 04 - ASIENTO SECUNDARIO DE MATERIA - TERMINO TEMATICO [R]
Término temático o nombre geográfico como elemento de entrada [NR] Estructura social
9 (RLIN) 15153
650 04 - ASIENTO SECUNDARIO DE MATERIA - TERMINO TEMATICO [R]
Término temático o nombre geográfico como elemento de entrada [NR] Filosofía de la sociología
9 (RLIN) 15777
650 04 - ASIENTO SECUNDARIO DE MATERIA - TERMINO TEMATICO [R]
Término temático o nombre geográfico como elemento de entrada [NR] Sociedad civil
9 (RLIN) 24718
650 04 - ASIENTO SECUNDARIO DE MATERIA - TERMINO TEMATICO [R]
Término temático o nombre geográfico como elemento de entrada [NR] Sociología política
9 (RLIN) 24810
650 04 - ASIENTO SECUNDARIO DE MATERIA - TERMINO TEMATICO [R]
Término temático o nombre geográfico como elemento de entrada [NR] Sociología
9 (RLIN) 386
700 1# - ASIENTO SECUNDARIO - NOMBRE PERSONAL [R]
Nombre personal [NR] Harris, José
Término de relación [R]
9 (RLIN) 161707
765 ## - ASIENTO DE IDIOMA ORIGINAL [R]
Asiento principal [NR] Gemeinschaft und Gesellschaft.
856 41 - LOCALIZACION Y ACCESO ELECTRONICOS [R]
Nombre del dominio (“Host name”) [R] Tabla de Contenido
Identificador Uniforme del Recurso (“URI”) [R] <a href=" http://www.loc.gov/catdir/toc/cam022/00046753.html"> http://www.loc.gov/catdir/toc/cam022/00046753.html</a>
942 ## - ELEMENTOS DE ENTRADA AGREGADOS (KOHA)
Tipo de ítem principal el descrito en 300a Libro
Tema principal Sociología
Edición 1
Parte restante de la signatura top. T666c
Sistema de clasificación DEWEY
Clasificación 305
Existencias
Fecha de último préstamo Total préstamos Signatura topográfica Código de barras Última vez visto Ejemplar Price effective from Tipo de ítem Perdido Sistema de clasificación Dañado No prestable Tipo de ítem específico Suprimido Ubicación habitual Ubicación actual Localización Fecha de creación Forma de adquisición Costo
11/01/2019 14 305 T666c 100071143 09/12/2025 Ej.1 03/02/2013 Libro   DEWEY     Libro   Claustro Claustro 2do piso 28/02/2005 Compra 94300.00